| 000 | 00910nam a2200253Ia 4500 | ||
|---|---|---|---|
| 003 | OSt | ||
| 005 | 20220927111740.0 | ||
| 006 | a|||||r|||| 00| 0 | ||
| 007 | ta | ||
| 008 | 220926b |||||||| |||| 00| 0 eng d | ||
| 024 | _a108496 | ||
| 037 | _cReports | ||
| 040 |
_aRTL _cRTL _beng |
||
| 041 |
_2eng _aeng |
||
| 082 | _a"X9(M97).2.N92t4, N4/GD" | ||
| 110 |
_a"Reserve Bank of India, Problems of sick units in leather industry(committee to study)" _9382629 |
||
| 245 | 0 | _aStudy the problems of sick/weak units in Leather industry and to suggest measures to overcome them | |
| 260 |
_aBombay _bReserve Bank of India India _c1994 |
||
| 300 |
_a121p _ccm. |
||
| 650 | _aLeather | ||
| 700 |
_a"Reserve Bank of India, Problems of sick units in leather industry(committee to study)" _9382630 |
||
| 942 |
_h"X9(M97).2.N92t4, N4/GD" _cCC |
||
| 999 |
_c699474 _d699474 |
||